|
|
|
|
| LEADER |
01023nam a22002057a 4500 |
| 008 |
110925s19931991enka||| b||| 001 0 eng d |
| 020 |
|
|
|a 039744771X (cased)
|a 0397445865 (limp)
|
| 040 |
|
|
|a BD-DhAAL
|c BD-DhAAL
|
| 082 |
|
|
|2 22
|a 616.079
|
| 245 |
|
|
|a Advanced immunology /
|c David Male ... [et al.]
|
| 260 |
|
|
|a London :
|b Gower Medical Pub.,
|b Mosby,
|c 1991 (Reprinted 1993)
|
| 300 |
|
|
|a 1 v. (various pagings) :
|b ill. ;
|c 30 cm.
|
| 505 |
|
|
|a Includes bibliographical references and index.
|
| 650 |
|
|
|a Immunology
|9 1615
|
| 700 |
|
|
|a Male, David K.,
|d 1954
|9 1616
|
| 541 |
|
|
|e 00023477
|
| 942 |
|
|
|2 ddc
|c BK
|
| 999 |
|
|
|c 11258
|d 11258
|
| 952 |
|
|
|0 0
|1 0
|2 ddc
|4 0
|6 616_079000000000000_ADV
|7 0
|9 18198
|a BRACUL
|b BRACUL
|c GEN
|d 2011-09-25
|e Development Book Agency
|g 2300.00
|l 4
|m 62
|o 616.079 ADV
|p 3010023479
|r 2026-01-11
|s 2025-06-24
|t 2
|w 2011-09-25
|y BK
|
| 952 |
|
|
|0 0
|1 0
|2 ddc
|4 0
|6 616_079000000000000_ADV
|7 0
|9 18199
|a BRACUL
|b BRACUL
|c GEN
|d 2011-09-25
|e Development Book Agency
|g 2300.00
|l 5
|m 23
|o 616.079 ADV
|p 3010023478
|r 2025-09-04
|s 2025-07-01
|t 1
|w 2011-09-25
|y BK
|